Генерация пучков заряженных частиц в диодах со взрывоэмиссионным катодом: монография

Bibliografiske detaljer
Andre forfattere: Пушкарёв А. И. Александр Иванович, Исакова Ю. И. Юлия Ивановна, Сазонов Р. В. Роман Владимирович, Холодная Г. Е. Галина Евгеньевна
Summary:В монографии приведены результаты экспериментальных исследований генерации импульсных электронных и ионных пучков гигаваттной мощности в диодах со взрывоэмиссионным катодом в условиях быстрого формирования плазмы на всей рабочей поверхности катода. Рассмотрены наиболее важные физические процессы при генерации импульсных электронных и ионных пучков наносекундной длительности. Состав пучка — ионы углерода и протоны. Выполнены исследования полоскового диода плоской и фокусирующей геометрии, кольцевого плоского диода. Для специалистов в области сильноточной электроники, генерации импульсных пучков заряженных частиц, а также для студентов и аспирантов физических специальностей: "Физика и техника низкотемпературной плазмы, плазмохимия и плазменные технологии", "Физика и техника мощных пучков заряженных частиц. Радиационно-пучковые технологии модифицирования материалов".
Sprog:russisk
Udgivet: Москва, Физматлит, 2013
Fag:
Format: MixedMaterials Bog
KOHA link:https://koha.lib.tpu.ru/cgi-bin/koha/opac-detail.pl?biblionumber=248542

MARC

LEADER 00000nam0a2200000 4500
001 248542
005 20240802110300.0
010 |a 9785922114110 
035 |a (RuTPU)RU\TPU\book\270356 
090 |a 248542 
100 |a 20140123d2013 k y0rusy50 ca 
101 0 |a rus 
102 |a RU 
105 |a a z 001zy 
200 1 |a Генерация пучков заряженных частиц в диодах со взрывоэмиссионным катодом  |e монография  |f А. И. Пушкарев [и др.] 
210 |a Москва  |c Физматлит  |d 2013 
215 |a 237 с.  |c ил. 
320 |a Библиогр.: с. 229-237 
330 |a В монографии приведены результаты экспериментальных исследований генерации импульсных электронных и ионных пучков гигаваттной мощности в диодах со взрывоэмиссионным катодом в условиях быстрого формирования плазмы на всей рабочей поверхности катода. Рассмотрены наиболее важные физические процессы при генерации импульсных электронных и ионных пучков наносекундной длительности. Состав пучка — ионы углерода и протоны. Выполнены исследования полоскового диода плоской и фокусирующей геометрии, кольцевого плоского диода. Для специалистов в области сильноточной электроники, генерации импульсных пучков заряженных частиц, а также для студентов и аспирантов физических специальностей: "Физика и техника низкотемпературной плазмы, плазмохимия и плазменные технологии", "Физика и техника мощных пучков заряженных частиц. Радиационно-пучковые технологии модифицирования материалов". 
606 1 |a Электронные пучки  |2 stltpush  |3 (RuTPU)RU\TPU\subj\69476  |9 84326 
610 1 |a физика 
610 1 |a взрывоэмиссионные катоды 
610 1 |a заряженные частицы 
610 1 |a импульсные электронные пучки 
610 1 |a гигаваттная мощность 
610 1 |a планарные диоды 
610 1 |a диодные узлы 
610 1 |a генерация 
610 1 |a катодная плазма 
610 1 |a анодная плазма 
610 1 |a мощные ионные пучки 
610 1 |a взрывоэмиссионная плазма 
610 1 |a магнитная самоизоляция 
610 1 |a цилиндр Фарадея 
610 1 |a энергетические спектры 
610 1 |a тепловизионная диагностика 
610 1 |a монографии 
675 |a 537.533  |v 3 
701 1 |a Пушкарёв  |b А. И.  |c физик  |c профессор Томского политехнического университета, доктор физико-математических наук  |c старший научный сотрудник НИИ ВН Томского политехнического университета  |f 1954-  |g Александр Иванович  |3 (RuTPU)RU\TPU\pers\26414  |9 12118 
701 1 |a Исакова  |b Ю. И.  |c физик  |c доцент Томского политехнического университета, кандидат технических наук  |f 1988-  |g Юлия Ивановна  |3 (RuTPU)RU\TPU\pers\26408  |9 12112 
701 1 |a Сазонов  |b Р. В.  |c физик  |c старший научный сотрудник Томского политехнического университета, кандидат физико-математических наук  |f 1984-  |g Роман Владимирович  |3 (RuTPU)RU\TPU\pers\27101  |9 12651 
701 1 |a Холодная  |b Г. Е.  |c электрофизик  |c младший научный сотрудник Томского политехнического университета, кандидат технических наук  |f 1986-  |g Галина Евгеньевна  |3 (RuTPU)RU\TPU\pers\27929  |9 12932 
801 1 |a RU  |b 63413507  |c 20140123 
801 2 |a RU  |b 63413507  |c 20180821  |g RCR 
942 |c BK